000 00660nam a2200241 a 4500
005 20140310183412.0
008 070912s19uu xx 00 eng d
020 _a047081070x
050 _aHF 5415.2
_b .Aa41 2007
100 _aAaker, David A.
245 _aMarketing research. /
250 _a2nd Pacific Rim ed.
260 _aU.S.A :
_bJohn Wiley & Sons Australia, Ltd,
_c2007.
300 _a601 P. :
_bCOL. ILL.
_c27 cm.
521 _aBSBA
650 _aMarketing research
_xTextbooks.
700 _aKumar, V.
700 _aDay, George S.
700 _aLawley, Meredith
700 _aStewart, David
942 _cBK
_2lcc
_kFOR
999 _c22522
_d22522